Fundamentos do processo judicial eletrônico : (Record no. 311)

MARC details
000 -LÍDER
Campo Fixo de Controle 00742cam a2200241 a 4500
001 - NÚMERO DE CONTROLE
Campo de Controle 311
003 - IDENTIFICAÇÃO DO NÚMERO DE CONTROLE
Campo de Controle BR-CuiBMT
005 - DATA E HORA DA ÚLTIMA ATUALIZAÇÃO
Campo de Controle 20231025214730.0
008 - DADOS FIXOS
Dados Fixos 230929s2019 mgba 000 0 por d
020 ## - INTERNATIONAL STANDARD BOOK NUMBER
Nº do ISBN 9788545006695
040 ## - AGÊNCIA CATALOGADORA
Código da Agência Catalogadora BR-CuiBMT
Agência que transcreveu o registro BR-CuiBMT
080 ## - Nº DA CLASSIFICAÇÃO DECIMAL UNIVERSAL
Nº edição CDU 2007
Nº Class. CDU 347.9:004.738
090 ## - NÚMERO DE CHAMADA
Nº classificação 347.9:004.738
Cutter Z54f
100 1# - ENTRADA PRINCIPAL -- AUTOR PESSOAL
Nome pessoal Zeni, Paulo César
245 10 - TÍTULO PRINCIPAL
Título principal Fundamentos do processo judicial eletrônico :
Subtítulo e a defesa dos direitos no ciberespaço /
Indicação de responsabilidade Paulo César Zeni.
260 ## - PUBLICAÇÃO, DISTRIBUIÇÃO, ETC.
Local de publicação Belo Hoirzonte :
Editora Fórum,
Data 2019.
300 ## - DESCRIÇÃO FÍSICA
N. páginas ou volumes 198 p. ;
Dimensões 22 cm
504 ## - NOTA DE BIBLIOGRAFIA, ETC.
Nota de bibliografia Inclui bibliografia.
650 ## - ASSUNTO TÓPICO
Cabeçalho tópico ou nome geográfico Processo judicial eletrônico
650 ## - ASSUNTO TÓPICO
Cabeçalho tópico ou nome geográfico Direito processual civil
650 ## - ASSUNTO TÓPICO
Cabeçalho tópico ou nome geográfico Direito processual penal
942 ## - ELEMENTOS DE ENTRADA ADICIONAIS (KOHA)
Fonte de classificação ou esquema de arquivamento Classificação Decimal Universal
Tipo de item do Koha Livros
Holdings
Estado: removido Estado: perdido Fonte de classificação ou esquema de arquivamento Estado: danificado Indisponível para empréstimo Localização permanente Localização atual Data de aquisição Total Checkouts Número de Chamada completo Código de barras Date last seen Número do exemplar Preço efetivo a partir de Tipo de item (Koha)
    Classificação Decimal Universal     Biblioteca da Escola Superior de Contas do TCE/MT Biblioteca da Escola Superior de Contas do TCE/MT 28/07/2023   347.9:004.738 Z54f BIBTCEMT23090115 29/09/2023 Ex. 1 29/09/2023 Livros
    Classificação Decimal Universal     Biblioteca da Escola Superior de Contas do TCE/MT Biblioteca da Escola Superior de Contas do TCE/MT 28/07/2023   347.9:004.738 Z54f BIBTCEMT23090116 29/09/2023 Ex. 2 29/09/2023 Livros

Powered by Koha